000 00880 a2200241 4500
001 216220815
003 UA-OsUOA
005 20210607122201.0
008 210603b un ||||| |||| 00| 0 ukr d
040 _aUA-OsUOA
_bukr
_cUA-OsUOA
_dUA-OsUOA
041 _aukr
080 _a82-94
090 _a82-94
_bД53
100 _aДмитріюк В.
245 _aДорогами війни і миру
_bспомини з додатком матеріялів до історії сім'ї
_cВ. Дмитріюк
260 _c2012
300 _a160 с.
591 _bДмитріюк В.
650 _2UDC
_a82-94 Історія як літературний жанр. Мемуари. Щоденники
942 _cBK
_2udc
955 _a4
999 _c570742
_d570742